LIBRARY & INFORMATION CENTRE, KCAET, TAVANUR

ONLINE PUBLIC ACCESS CATALOGUE (OPAC)

Artificial intelligence / (Record no. 7370)

MARC details
000 -LEADER
fixed length control field 00503cam a2200193ua 4500
020 ## - INTERNATIONAL STANDARD BOOK NUMBER
ISBN 0-07-052263-4
041 ## - LANGUAGE CODE
Language code of text/sound track or separate title eng
082 ## - DEWEY DECIMAL CLASSIFICATION NUMBER
Classification number 006.3
Item number RIC/AR
100 ## - MAIN ENTRY--AUTHOR NAME
Personal name Rich, Elaine .
245 ## - TITLE STATEMENT
Title Artificial intelligence /
250 ## - EDITION STATEMENT
Edition statement 2 /
260 ## - PUBLICATION, DISTRIBUTION, ETC. (IMPRINT)
Place of publication New Delhi :
Name of publisher Tata Mc-Graw Hill Publishing Company ,
Year of publication 1991.
300 ## - PHYSICAL DESCRIPTION
Number of Pages 621 ; .
700 1# - ADDED ENTRY--PERSONAL NAME
Personal name Knight, Kevin .
942 ## - ADDED ENTRY ELEMENTS (KOHA)
Koha item type Books
Holdings
Withdrawn status Lost status Damaged status Home library Current library Date acquired Full call number Accession Number Koha item type
      KAUAET KAUAET 07/04/2012 006.3 18045 Books
free website counter